Statistiques concernant 100 joueurs anglais avec la plus grosse valeur marchande

Cliquez ici pour prendre le quiz!

Statistiques générales

  • Ce quiz a été pris 159 fois
  • Le résultat moyen est 31 sur 100

Statistiques - réponses

ClubPrixRéponse% Correct
Bayern Munich90 millionsHarry Kane
96%
Arsenal120 millionsBukayo Saka
94%
Real Madrid120 millionsJude Bellingham
94%
Manchester City75 millionsJack Grealish
92%
Manchester City110 millionsPhil Foden
92%
Arsenal90 millionsDeclan Rice
88%
Manchester United80 millionsMarcus Rashford
87%
Liverpool65 millionsTrent Alexander-Arnold
83%
Manchester United20 millionsHarry Maguire
82%
Manchester United60 millionsMason Mount
69%
Manchester United42 millionsLuke Shaw
66%
Nottingham Forest40 millionsMorgan Gibbs-White
66%
Manchester City40 millionsJohn Stones
65%
Chelsea55 millionsRaheem Sterling
65%
Arsenal40 millionsAaron Ramsdale
64%
Arsenal55 millionsBen White
64%
Chelsea65 millionsReece James
64%
Milan AC40 millionsFikayo Tomori
63%
Crystal Palace18 millionsDean Henderson
62%
Manchester City13 millionsKyle Walker
62%
Manchester United45 millionsJadon Sancho
57%
Manchester United25 millionsAaron Wan-Bissaka
54%
Tottenham60 millionsJames Maddison
53%
AS Rome40 millionsTammy Abraham
50%
Everton22 millionsJordan Pickford
48%
Chelsea35 millionsBen Chilwell
42%
Liverpool22 millionsCurtis Jones
42%
Everton18 millionsEric Dier
42%
Manchester City32 millionsKalvin Phillips
42%
Liverpool22 millionsJoe Gomez
41%
Aston Villa40 millionsOllie Watkins
41%
Newcastle20 millionsNick Pope
40%
Liverpool35 millionsHarvey Elliott
39%
Chelsea15 millionsCole Palmer
38%
Arsenal25 millionsEddie Nketiah
36%
Newcastle16 millionsCallum Wilson
35%
Chelsea32 millionsConor Gallagher
34%
Arsenal35 millionsEmile Smith Rowe
34%
Brentford35 millionsIvan Toney
34%
Milan AC25 millionsRuben Loftus-Cheek
33%
Crystal Palace40 millionsEberechi Eze
30%
Newcastle35 millionsHarvey Barnes
30%
Aston Villa22 millionsTyrone Mings
30%
West Ham38 millionsJarrod Bowen
29%
LOSC Lille16 millionsAngel Gomes
28%
Newcastle35 millionsAnthony Gordon
28%
West Ham38 millionsJames Ward-Prowse
26%
Sporting CP30 millionsMarcus Edwards
24%
Chelsea30 millionsNoni Madueke
23%
Aston Villa42 millionsJacob Ramsey
22%
Manchester City20 millionsRico Lewis
21%
Chelsea18 millionsTrevoh Chalobah
21%
Newcastle38 millionsJoe Willock
19%
West Ham12 millionsDanny Ings
18%
Everton25 millionsDominic Calvert-Lewin
18%
Crystal Palace35 millionsMarc Guéhi
18%
Nottingham Forest15 millionsCallum Hudson-Odoi
17%
Tottenham15 millionsOliver Skipp
16%
Newcastle25 millionsSean Longstaff
16%
Leicester12 millionsConor Coady
15%
Leicester25 millionsKiernan Dewsbury-Hall
15%
Aston Villa25 millionsEzri Konsa
14%
Brighton16 millionsLewis Dunk
14%
Arsenal12 millionsReiss Nelson
14%
Tottenham18 millionsRyan Sessegnon
14%
Borussia Dortmund14 millionsJamie Bynoe-Gittens
13%
Chelsea30 millionsLevi Colwill
13%
Chelsea15 millionsCarney Chukwuemeka
12%
Bournemouth20 millionsDominic Solanke
12%
Newcastle15 millionsJacob Murphy
10%
Newcastle13 millionsMatt Targett
10%
Newcastle25 millionsTino Livramento
9%
Everton12 millionsBen Godfrey
8%
Southampton25 millionsKyle Walker-Peters
8%
Brighton22 millionsSolly March
8%
Crystal Palace22 millionsTyrick Mitchell
8%
Ajax Amsterdam12 millionsChuba Akpom
7%
Everton22 millionsJack Harrison
7%
Bournemouth16 millionsMax Aarons
7%
Everton20 millionsDwight McNeil
6%
Everton14 millionsJames Garner
6%
Everton18 millionsJames Tarkowski
6%
Sheffield United12 millionsLuke Thomas
6%
Wolves30 millionsMax Kilman
6%
Bayer Leverkusen18 millionsNathan Tella
6%
Brighton25 millionsAdam Webster
5%
Leicester20 millionsJames Justin
5%
Bournemouth17 millionsMarcus Tavernier
5%
Brentford28 millionsRico Henry
5%
Sheffield United12 millionsCameron Archer
4%
Fulham18 millionsHarrison Reed
4%
Bournemouth18 millionsLloyd Kelly
4%
Bournemouth20 millionsAlex Scott
3%
Swansea City12 millionsCharlie Patino
3%
Brentford16 millionsJosh Dasilva
3%
Sunderland12 millionsJack Clarke
2%
Nottingham Forest12 millionsJoe Worrall
2%
Burnley18 millionsJosh Brownhill
2%
Southampton20 millionsTaylor Harwood-Bellis
2%
Fulham16 millionsTosin Adarabioyo
2%

Distribution des résultats

Percentile par nombre de réponses

% des personnes avec chaque résultat

Votre développement - résultats

Vous n’avez pas pris ce quiz